000 00592nam a22001817a 4500
999 _c16328
_d16328
003 AR-CdUCM
008 190503b ||||| |||| 00| 0 spa d
040 _aMUNICIPALIDAD PROVINCIAL DEL CUSCO
_cBIBLIOTECA MUNICIPAL DEL CUSCO
082 _a838.9 /
_bL93
100 _aLudwig, Emil
_911764
245 _aWagner /
260 _aBarcelona :
_bMateu,
_c1962.
300 _a287 páginas ;
_c19 cm.
505 _aContenido: El hombre y el mundo -- El artista -- La doctrina -- La obra -- El efecto.
650 _aBiografías históricas
_96252
942 _2ddc
_cLIBROS
945 _aacv
_d2019-05-03